Statistics for Criminal Minds

Click here to take the quiz!

General Stats

  • This quiz has been taken 893 times
    (846 since last reset)
  • The average score is 10 of 17

Answer Stats

CharacterActor/Actress% Correct
Where in Virginia are the team basedQuantico
86%
Derek MorganShemar Moore
86%
Jennifer Jareau (JJ)AJ Cook
82%
What is the name of JJ's SonHenry
79%
Aaron HotchnerThomas Gibson
74%
What department of the FBI do they work forBehavioral Analysis Unit
73%
Dr Spencer ReidMatthew Gray Gubler
72%
Dr Reid's mum also stars in what High School TV ShowGlee
65%
Emily PrentissPaget Brewster
63%
Who kills Haley Hotchner in the 100th EpisodeGeorge Foyet
61%
David RossiJoe Mantegna
56%
Whats the name of Aaron Hotchners Boss who forces JJ to take a promotionErin Strauss
52%
Jason GideonMandy Patinkin
50%
Penelope GarciaKirsten Vangsness
49%
Elle GreenawayLola Glaudini
34%
What was the name of the spin off that only lasted 1 seasonCriminal Minds: Suspect Behavior
28%
The Actor playind David Rossi also does the voice of which Simpsons CharacterFat Tony
21%

Score Distribution

Percentile by Number Answered

Percent of People with Each Score

Your Score History

You have not taken this quiz since the last reset